Faculty of Law Library — Cairo University

Official Online Catalog

موسوعة شئون العاملين للقطاع الحكومي والقطاع العام : (Record no. 48447)

MARC details
000 -LEADER
fixed length control field 01217nam a2200301 i 4500
003 - CONTROL NUMBER IDENTIFIER
control field EG-GICUC
005 - DATE AND TIME OF LATEST TRANSACTION
control field 20260121101431.0
008 - FIXED-LENGTH DATA ELEMENTS--GENERAL INFORMATION
fixed length control field 251205s1967 ua d|||fr|||| 00| 0 ara d
040 ## - CATALOGING SOURCE
Original cataloging agency EG-GICUC
Language of cataloging ara
Transcribing agency EG-GICUC
Modifying agency EG-GICUC
Description conventions rda
041 0# - LANGUAGE CODE
Language code of text/sound track or separate title ara
082 04 - DEWEY DECIMAL CLASSIFICATION NUMBER
Edition number 21
Classification number 345.2
Item number خ ا . م
092 04 - LOCALLY ASSIGNED DEWEY CALL NUMBER (OCLC)
Edition number 21
099 ## - LOCAL FREE-TEXT CALL NUMBER (OCLC)
Classification number Law1 07 345.2 خ ا . م 1 ed - 1967
100 0# - MAIN ENTRY--PERSONAL NAME
Personal name خالد عبد الحميد فراج
Relator term مؤلف.
245 10 - TITLE STATEMENT
Title موسوعة شئون العاملين للقطاع الحكومي والقطاع العام :
Remainder of title في القواعد التنظيمية والفتاوى.
Number of part/section of a work الجزء الثالث /
Statement of responsibility, etc. خالد عبد الحميد فراج.
250 ## - EDITION STATEMENT
Edition statement الطبعة الأولى
264 #1 - PRODUCTION, PUBLICATION, DISTRIBUTION, MANUFACTURE, AND COPYRIGHT NOTICE
Place of production, publication, distribution, manufacture القاهرة :
Name of producer, publisher, distributor, manufacturer خالد عبد الحميد فراج،
Date of production, publication, distribution, manufacture, or copyright notice 1967.
300 ## - PHYSICAL DESCRIPTION
Extent 666 صفحة :
Other physical details إيضاحيات؛
Dimensions 24 سم.
336 ## - CONTENT TYPE
Source rda content
Content type term text
337 ## - MEDIA TYPE
Source rda media
Media type term Computer
338 ## - CARRIER TYPE
Source rda carrier
Carrier type term Online Resource
546 ## - LANGUAGE NOTE
Language note النص باللغة العربية
650 14 - SUBJECT ADDED ENTRY--TOPICAL TERM
Topical term or geographic name entry element التنظيم الإداري
650 14 - SUBJECT ADDED ENTRY--TOPICAL TERM
Topical term or geographic name entry element القانون الإداري
856 40 - ELECTRONIC LOCATION AND ACCESS
Uniform Resource Identifier <a href="https://fll.law.cu.edu.eg/fulltext/bks/B07-01306.pdf">https://fll.law.cu.edu.eg/fulltext/bks/B07-01306.pdf</a>
905 ## - Cataloger and Reviser Names
Cataloger Name: Sara El-Gendy
Revisor Name: Yara
942 ## - ADDED ENTRY ELEMENTS (KOHA)
Source of classification or shelving scheme Dewey Decimal Classification
Koha item type Books
Edition 21
Suppress in OPAC No
Holdings
Withdrawn status Lost status Source of classification or shelving scheme Materials specified (bound volume or other part) Damaged status Not for loan Collection Home library Current library Date acquired Total checkouts Full call number Barcode Date last seen Copy number Price effective from Koha item type
    Dewey Decimal Classification V3   Not for loan القانون الإداري جــــامعة القــاهرة مكتبة كلية الحقوق - المبنى الرئيسي 05.12.2025   Law1 07 345.2 خ ا . م 1 ed - 1967 0701306 V3, C1 B07-01306 05.12.2025 1 05.12.2025 Books
    Dewey Decimal Classification V3 يحتاج إلى ترميم   القانون الإداري جــــامعة القــاهرة مكتبة كلية الحقوق - المبنى الرئيسي 06.12.2025   Law1 07 345.2 خ ا . م 1 ed - 1967 0701272 V3, C2 B07-01272 06.12.2025 2 06.12.2025 Books

© All rights reserved — Faculty of Law, Cairo University